OPEP, Instrumento de cambio
Sparad:
| Huvudupphovsman: | |
|---|---|
| Materialtyp: | Text |
| Publicerad: |
Bogotá:
Tercer Mundo
|
| Taggar: |
Lägg till en tagg
Inga taggar, Lägg till första taggen!
|
MARC
| LEADER | 00000 a a2200000 04500 | ||
|---|---|---|---|
| 001 | 22918 | ||
| 003 | |||
| 040 | |||
| 090 | |a 158300 | ||
| 100 | |a Seymour, Ian | ||
| 245 | |a OPEP, Instrumento de cambio | ||
| 260 | |a Bogotá: |b Tercer Mundo | ||
| 300 | |a 329 p. | ||
| 999 | |c 1510 |d 1510 | ||
